=LDR 00000nam 2200000 4500 =001 INLIS000000000022491 =005 20130612121237 =008 ***********************************ind** =035 ##$$0010-061300000022491 =041 ##$$a ind =082 ##$$a 332.04 =090 ##$$a 332.04, TAN f =100 ##$$a Tan, Peter =245 ##$$a FQ Kecerdasan Finansial, Bagaimana menjadi makmur seperti RICH DAD, POOR DAD =260 ##$$a 2003 $b [s.l] =300 ##$$a 102 hlm., 21 cm =650 ##$$a FQ Kecerdasan Finansial =850 ##$$a NBPNMAT